| 000 | 00456nam a2200181Ia 4500 | ||
|---|---|---|---|
| 001 | 22592 | ||
| 005 | 20260414150841.0 | ||
| 008 | 260414t2017||||xx |||||||||||||| ||spa|| | ||
| 041 | _aESP | ||
| 082 |
_a621.3821 _bF317 |
||
| 100 |
_aFarmer, James _eAUT |
||
| 245 | 0 |
_aFTTx networks : _btechnology implementation and operation |
|
| 260 | _c2017 | ||
| 300 |
_axiv, 435 páginas : _c24 cm. |
||
| 650 | _aTCA | ||
| 654 | _aCET | ||
| 942 |
_cLIB _dJUS _fJUS _2ddc _n |
||
| 999 |
_c22592 _d22592 |
||